000 004910000a22001810004500
003 MACL
005 20160331132047.0
008 160331b xxu||||| |||| 00| 0 eng d
040 _aMACL
_cMACL
041 _aHindi
082 _a307
100 _aमनीषा
_949256
245 _aहम सभ्‍य औरतें
260 _bसामयिक प्रकाशन
_c2004
_aदिल्‍ली
350 _a250
650 _aSociology
_949257
942 _cHIN
_k307/MAN
_2ddc
999 _c41412
_d41412